[Event "Reykjavik Open 2026"]
[Site "Reykjavik ISL"]
[Date "2026.03.27"]
[Round "4.70"]
[White "Kamp, Adrian"]
[Black "Singh, Ian Avery"]
[Result "1-0"]
[WhiteElo "2136"]
[BlackElo "1863"]
[WhiteFideId "16222466"]
[BlackFideId "39902676"]
[EventDate "2026.03.25"]

1. e4 c5 2. Nc3 d6 3. Nge2 Nf6 4. g3 a6 5. Bg2 g6 6. d4 cxd4 7. Nxd4 Bg7 8. O-O
O-O 9. h3 Qc7 10. Bg5 Nbd7 11. Qd2 Ne5 12. Bxf6 exf6 13. Nd5 Qd8 14. f4 Nc6 15.
f5 Ne7 16. Nb3 Nxd5 17. Qxd5 Qb6+ 18. Kh2 Bd7 19. Rad1 Bc6 20. Qxd6 Rfe8 21. Qf4
Re5 22. Nd2 Qc5 23. c3 Rae8 24. g4 b5 25. Rfe1 a5 26. Nb3 Qb6 27. Rd4 a4 28. Nc1
a3 29. b3 Qa5 30. Qd2 R5e7 31. Nd3 Qb6 32. Nb4 Re5 33. Rd6 Rc8 34. Rd1 Bf8 35.
Rxc6 Rxc6 36. Nxc6 Qxc6 37. Qd4 Qc7 38. Kh1 Bc5 39. Qd8+ Qxd8 40. Rxd8+ Kg7 41.
Rc8 Be3 42. c4 bxc4 43. Rxc4 Rc5 44. Bf1 Rxc4 45. Bxc4 Kf8 46. Kg2 Ke7 47. Kf3
Bg1 48. Ke2 Kd6 49. b4 Kc6 50. Kd3 g5 51. Kc3 Be3 52. Bxf7 Kb5 53. Be8+ Kb6 54.
e5 Bf4 55. e6 Bd6 56. Kb3 Be7 57. Kxa3 h6 58. Kb3 Ka6 59. Kc4 Kb6 60. a4 Ka6 61.
a5 Bf8 62. Bd7 Be7 63. Bc8+ Ka7 64. b5 Kb8 65. Bd7 Kb7 66. Kd5 Bf8 67. Bc6+ Kb8
68. b6 1-0

[Event "Reykjavik Open 2026"]
[Site "Reykjavik ISL"]
[Date "2026.03.27"]
[Round "4.71"]
[White "Harish, Neeraj"]
[Black "Smith, Steve"]
[Result "1-0"]
[WhiteTitle "CM"]
[WhiteElo "2121"]
[BlackElo "1842"]
[WhiteFideId "30958130"]
[BlackFideId "1802119"]
[EventDate "2026.03.25"]

1. e4 e5 2. Nf3 Nc6 3. Bb5 a6 4. Ba4 Nf6 5. O-O Be7 6. Bxc6 dxc6 7. d3 Bd6 8.
Nbd2 c5 9. Nc4 Qe7 10. a4 Bg4 11. Ne3 Be6 12. b3 O-O 13. Nc4 Bd7 14. a5 Rfb8 15.
Bb2 Bg4 16. h3 Bxf3 17. Qxf3 b5 18. Ne3 Qe6 19. Kh2 Rd8 20. g3 Rab8 21. Qg2 Nh5
22. Qf3 Nf6 23. Kg2 Qe8 24. h4 Qc6 25. h5 h6 26. Rae1 Re8 27. Bc1 Nh7 28. Nf5
Bf8 29. Qg4 Kh8 30. f4 c4 31. Bb2 cxd3 32. cxd3 Qc2+ 33. Rf2 Qxd3 34. Bxe5 Rxe5
35. fxe5 Qxb3 36. Rc1 c5 37. Rxc5 Ng5 38. Nd6 Qa3 39. Rc8 Rxc8 40. Qxc8 Kg8 41.
Qe8 f6 42. Qg6 Bxd6 43. exd6 Qxd6 44. Qe8+ Kh7 45. Rc2 Ne6 46. Qg6+ Kg8 47. Rc8+
Nf8 48. Qe8 Qd2+ 49. Kh3 Qd6 50. Rb8 b4 51. Rb7 Kh7 52. Rb8 Kg8 53. Qc8 Qe7 54.
Qc4+ Kh7 55. Qxb4 Qd7+ 56. Kh2 Ne6 57. e5 Ng5 58. Qb1+ f5 59. Qa2 Ne6 60. Qf2
Ng5 61. g4 g6 62. hxg6+ Kxg6 63. Qxf5+ Qxf5 64. gxf5+ Kxf5 65. Rb6 Nf3+ 66. Kg3
Nxe5 67. Rxa6 Nc4 68. Rxh6 Kg5 69. Rc6 1-0

[Event "Reykjavik Open 2026"]
[Site "Reykjavik ISL"]
[Date "2026.03.27"]
[Round "4.72"]
[White "Labruyere, Robert Nirina"]
[Black "Lilliehook, Victor"]
[Result "0-1"]
[WhiteElo "1836"]
[BlackElo "2128"]
[WhiteFideId "285943"]
[BlackFideId "1752103"]
[EventDate "2026.03.25"]

1. f4 d5 2. Nf3 Nf6 3. e3 g6 4. c4 c6 5. cxd5 cxd5 6. d4 Bg7 7. Bd3 O-O 8. O-O
b6 9. Qe2 Bb7 10. Nc3 Nc6 11. a3 Rc8 12. Rb1 Na5 13. Ne5 Ne4 14. Bd2 Nxd2 15.
Qxd2 f6 16. Ng4 Nc4 17. Qe2 Nxa3 18. Ra1 Nc4 19. Rxa7 Nd6 20. f5 g5 21. h4 h5
22. Ne5 fxe5 23. dxe5 Bxe5 24. hxg5 Qe8 25. g6 Kg7 26. Rxb7 Nxb7 27. Nxd5 Rc5
28. f6+ exf6 29. Qxh5 Rh8 30. Qf3 Bh2+ 31. Kf2 Qe5 32. Nc3 Nd6 33. Ke2 Rc7 34.
Ra1 Bg3 35. Ra8 Rxa8 36. Qxa8 Re7 37. Nd5 Qxb2+ 38. Kf3 Qf2+ 39. Kg4 Qxg2 40.
Bf1 Re4+ 41. Nf4 Rxf4+ 0-1

[Event "Reykjavik Open 2026"]
[Site "Reykjavik ISL"]
[Date "2026.03.27"]
[Round "4.73"]
[White "Helgadottir, Idunn"]
[Black "Baert, Andy"]
[Result "1-0"]
[WhiteTitle "WCM"]
[BlackTitle "FM"]
[WhiteElo "1831"]
[BlackElo "2117"]
[WhiteFideId "2314118"]
[BlackFideId "200107"]
[EventDate "2026.03.25"]

1. d4 Nf6 2. c4 e6 3. Nc3 d5 4. cxd5 Nxd5 5. e4 Nxc3 6. bxc3 c5 7. Nf3 cxd4 8.
cxd4 Bb4+ 9. Bd2 Bxd2+ 10. Qxd2 O-O 11. Be2 b6 12. O-O Bb7 13. Qe3 Nd7 14. e5
Rc8 15. Rac1 Qe7 16. Nd2 Rfd8 17. Nc4 Bd5 18. Nd6 Rc6 19. Bb5 Rxc1 20. Rxc1 Nb8
21. Bc4 Bc6 22. f4 g6 23. Rc3 a6 24. f5 b5 25. Bb3 b4 26. Rd3 Bd5 27. f6 Qf8 28.
Bxd5 exd5 29. Qf4 Nd7 30. Rh3 a5 31. Qh4 h6 32. Qf4 Kh7 33. Nxf7 1-0

[Event "Reykjavik Open 2026"]
[Site "Reykjavik ISL"]
[Date "2026.03.27"]
[Round "4.74"]
[White "Hauksdottir, Hrund"]
[Black "Karason, Askell O"]
[Result "1/2-1/2"]
[BlackTitle "IM"]
[WhiteElo "1830"]
[BlackElo "2109"]
[WhiteFideId "2302608"]
[BlackFideId "2300567"]
[EventDate "2026.03.25"]

1. e4 c5 2. Nf3 Nc6 3. d4 cxd4 4. Nxd4 g6 5. c4 Bg7 6. Be3 Nf6 7. Nc3 O-O 8. Be2
d6 9. O-O Bd7 10. h3 Nxd4 11. Bxd4 Bc6 12. Qc2 a5 13. Rad1 Nd7 14. Bxg7 Kxg7 15.
b3 Qb6 16. Rfe1 Kg8 17. Nd5 Bxd5 18. Rxd5 Rac8 19. Bg4 e6 20. Rd2 Rc6 21. Qd1 a4
22. Bf3 e5 23. Bg4 Nc5 24. Re3 axb3 25. axb3 Ra8 26. h4 Ra3 27. b4 Qxb4 28. Rxa3
Qxa3 29. Rxd6 Rxd6 30. Qxd6 Qa1+ 31. Kh2 Nxe4 32. Qb8+ Kg7 33. Qxb7 Qd4 34. Be6
Nd6 35. Qe7 Qf4+ 36. Kg1 Ne4 37. Qa7 Nxf2 38. Qxf2 fxe6 39. c5 Qc1+ 40. Kh2 Qc4
41. g3 e4 42. Qb2+ Kf7 43. Qb7+ Kf6 44. c6 Qe2+ 45. Kh3 Qf1+ 46. Kh2 Qf2+ 1/2-1/2

[Event "Reykjavik Open 2026"]
[Site "Reykjavik ISL"]
[Date "2026.03.27"]
[Round "4.75"]
[White "Skarphedinsson, Ingvar Wu"]
[Black "Lu, Karson"]
[Result "0-1"]
[WhiteElo "2099"]
[BlackElo "1827"]
[WhiteFideId "2316943"]
[BlackFideId "2661756"]
[EventDate "2026.03.25"]

1. d4 d5 2. c4 c6 3. cxd5 cxd5 4. Bf4 Nc6 5. e3 Nf6 6. Nc3 a6 7. Be2 e6 8. Nf3
Bd6 9. Bxd6 Qxd6 10. O-O O-O 11. Na4 Ne4 12. Rc1 Bd7 13. Nc5 Nxc5 14. Rxc5 b6
15. Rc3 Rfc8 16. Qd2 f6 17. Rfc1 Nb4 18. a3 Rxc3 19. Qxc3 Nc6 20. b4 g6 21. h3
Kf7 22. Qc2 Rc8 23. Qb1 Nb8 24. Rxc8 Bxc8 25. h4 Kg7 26. h5 Bd7 27. Bd3 Be8 28.
g4 gxh5 29. g5 fxg5 30. Qc2 Nc6 31. Nxg5 e5 32. dxe5 Nxe5 33. f4 Ng4 34. Be2 Bg6
35. Qc3+ Qf6 36. Ne6+ Kf7 37. Ng5+ Kg7 38. Qc7+ Kh6 39. Bxg4 hxg4 40. Kf2 Qb2+
41. Kg3 Qe2 42. Qc3 Kh5 43. Qe5 Qe1+ 44. Kg2 Kh4 45. f5 Qe2+ 46. Kg1 Bxf5 47.
Qxf5 Qxe3+ 48. Kg2 Qd2+ 49. Kg1 Qe1+ 50. Kg2 Qe2+ 51. Kg1 Kg3 52. Ne4+ dxe4 53.
Qe5+ Kf3 54. Qf6+ Ke3 55. Qxb6+ Kd2 56. Qd4+ Qd3 57. Qb2+ Kd1 58. a4 e3 59. Qa1+
Kc2 60. Qa2+ Kc3 61. Qa3+ Kd4 62. Qa1+ Ke4 63. Qf6 Qd1+ 64. Kh2 Qe2+ 65. Kg1
Qf2+ 66. Qxf2 exf2+ 67. Kxf2 Kd5 68. Kg3 h5 69. b5 axb5 70. axb5 Kc5 0-1

[Event "Reykjavik Open 2026"]
[Site "Reykjavik ISL"]
[Date "2026.03.27"]
[Round "4.76"]
[White "Zhu, Yilun"]
[Black "Westcott, Dale"]
[Result "1-0"]
[WhiteElo "2087"]
[BlackElo "1822"]
[WhiteFideId "8609292"]
[BlackFideId "1806017"]
[EventDate "2026.03.25"]

1. e4 c5 2. Nc3 Nc6 3. Bb5 Nd4 4. Bc4 a6 5. Nf3 g6 6. Nxd4 cxd4 7. Qf3 e6 8. Ne2
Bg7 9. c3 dxc3 10. dxc3 Ne7 11. h4 b5 12. Bb3 h5 13. Bg5 Bb7 14. Ng3 Qc7 15. Bf6
Bxf6 16. Qxf6 Rf8 17. O-O-O d6 18. e5 d5 19. Ne2 O-O-O 20. Nd4 Kb8 21. Kb1 Nc6
22. Nxc6+ Qxc6 23. Rd4 Rc8 24. Rhd1 Qc7 25. Qg5 Qd8 26. Rf4 Qxg5 27. hxg5 d4 28.
cxd4 Bxg2 29. f3 Bh3 30. Bc2 Rc7 31. Bxg6 Rfc8 32. Rxf7 Bf5+ 33. Bxf5 Rxf7 34.
Bxe6 Rxf3 35. Bxc8 Kxc8 36. Rg1 Kd7 37. g6 Rf8 38. Kc2 Ke6 39. Kd3 Kd5 40. g7
Rg8 41. Rg6 1-0

[Event "Reykjavik Open 2026"]
[Site "Reykjavik ISL"]
[Date "2026.03.27"]
[Round "4.77"]
[White "Grettisson, Arnar Breki"]
[Black "Rutkowski, Feliks"]
[Result "0-1"]
[WhiteElo "1808"]
[BlackElo "2103"]
[WhiteFideId "2322790"]
[BlackFideId "21064920"]
[EventDate "2026.03.25"]

1. e4 c5 2. Nc3 Nc6 3. Bb5 Nd4 4. Nf3 a6 5. Bd3 g6 6. Nxd4 cxd4 7. Ne2 d5 8. c3
dxe4 9. Qa4+ Bd7 10. Qxd4 exd3 11. Qxh8 Nf6 12. Nf4 Qc7 13. Nxd3 O-O-O 14. O-O
Bb5 0-1

[Event "Reykjavik Open 2026"]
[Site "Reykjavik ISL"]
[Date "2026.03.27"]
[Round "4.78"]
[White "Brackmann, Hendrik"]
[Black "Carr, Jay"]
[Result "1-0"]
[WhiteElo "2060"]
[BlackElo "1805"]
[WhiteFideId "12905135"]
[BlackFideId "30922690"]
[EventDate "2026.03.25"]

1. e4 c5 2. Nf3 e6 3. d4 cxd4 4. Nxd4 Nc6 5. Nc3 Qc7 6. Be2 a6 7. Nxc6 bxc6 8.
Qd3 d5 9. Qg3 Qxg3 10. hxg3 Nf6 11. g4 d4 12. g5 dxc3 13. gxf6 Bb4 14. b3 gxf6
15. a3 Bc5 16. Rh3 e5 17. Rf3 Ke7 18. Be3 Bd4 19. Bxd4 exd4 20. Rd3 Rd8 21. Rad1
c5 22. b4 cxb4 23. axb4 a5 24. bxa5 Rxa5 25. Rxd4 Rxd4 26. Rxd4 Ra1+ 27. Bd1 Be6
28. Ke2 f5 29. e5 Bd7 30. Ke3 Be6 31. g3 Rc1 32. f3 Bd7 33. Kf4 Be6 34. Kg5 Ba2
35. f4 Bb1 36. Rd3 Bxc2 37. Rxc3 Rxd1 38. Rxc2 Rg1 39. Rc3 Ke6 40. Rd3 Rg2 41.
Kh6 Rh2+ 42. Kg7 h5 43. Kf8 1-0

[Event "Reykjavik Open 2026"]
[Site "Reykjavik ISL"]
[Date "2026.03.27"]
[Round "4.79"]
[White "Krischer, Markus"]
[Black "Ardu, Luigi"]
[Result "1-0"]
[WhiteElo "2042"]
[BlackElo "1804"]
[WhiteFideId "34616152"]
[BlackFideId "811904"]
[EventDate "2026.03.25"]

1. e4 e6 2. d4 d5 3. e5 c5 4. c3 Nc6 5. Nf3 Qb6 6. Bd3 Bd7 7. dxc5 Bxc5 8. Qe2
Nh6 9. b4 Be7 10. a4 Qc7 11. Na3 Ng4 12. Nb5 Qb8 13. Bf4 h5 14. h3 Nh6 15. g4 a6
16. Nd6+ Bxd6 17. exd6 Qd8 18. g5 Ng8 19. h4 Qb6 20. a5 Qa7 21. Be3 Qb8 22. Bc5
Qd8 23. Bb6 Qc8 24. O-O f6 25. Rac1 e5 26. Nh2 Bh3 27. Rfe1 Qe6 28. c4 d4 29. b5
Nd8 30. c5 Nf7 31. Qe4 fxg5 32. Bc4 Qd7 33. hxg5 Be6 34. c6 bxc6 35. bxc6 Qxd6
36. Bc5 Qxc5 37. Bxe6 Qe7 38. c7 Qxg5+ 39. Kh1 Ke7 40. Qxa8 Nf6 41. c8=Q Rxc8
42. Bxc8 Ne8 43. Qd5 Ned6 44. Rc7+ Kf8 45. Be6 Qd2 46. Qa8+ Ne8 47. Rxf7+ Kg8
48. Qxe8+ Kh7 49. Rg1 1-0

[Event "Reykjavik Open 2026"]
[Site "Reykjavik ISL"]
[Date "2026.03.27"]
[Round "4.80"]
[White "Jarabek, Milan"]
[Black "Hardarson, Jon Trausti"]
[Result "1/2-1/2"]
[BlackTitle "CM"]
[WhiteElo "1804"]
[BlackElo "2071"]
[WhiteFideId "14928264"]
[BlackFideId "2302594"]
[EventDate "2026.03.25"]

1. e4 e5 2. Nf3 Nc6 3. Bb5 Nge7 4. d4 exd4 5. Nxd4 g6 6. O-O Bg7 7. c3 O-O 8.
Bg5 h6 9. Bh4 Nxd4 10. cxd4 d5 11. e5 c6 12. Bxe7 Qxe7 13. Bd3 c5 14. f4 cxd4
15. Nd2 f6 16. Bxg6 fxe5 17. fxe5 Qxe5 18. Rxf8+ Bxf8 19. Qf1 Qg7 20. Qd3 Bd6
21. Re1 Bd7 22. Bf5 Re8 23. Rxe8+ Bxe8 24. Nf3 Qe7 25. g4 Qe3+ 26. Kg2 Bf7 27.
b3 Bc5 28. Kg3 Bd6+ 29. Kg2 Bc5 30. Kg3 Kg7 31. h4 Bd6+ 32. Kg2 Bc5 33. h5 Kf6
34. Bh7 Kg7 35. Nh4 Qxd3 36. Bxd3 Be6 1/2-1/2

[Event "Reykjavik Open 2026"]
[Site "Reykjavik ISL"]
[Date "2026.03.27"]
[Round "4.81"]
[White "Petry, Martin"]
[Black "Kristinsson, Magnus"]
[Result "1/2-1/2"]
[WhiteElo "2042"]
[BlackElo "1801"]
[WhiteFideId "1352318"]
[BlackFideId "2305682"]
[EventDate "2026.03.25"]

1. Nf3 Nf6 2. g3 g6 3. Bg2 Bg7 4. O-O d5 5. d4 O-O 6. c4 c5 7. cxd5 cxd4 8. Nxd4
Nxd5 9. Nc3 Nxc3 10. bxc3 Qc7 11. Qb3 a6 12. Ba3 Re8 13. Rab1 e5 14. Nf3 Nc6 15.
Rfd1 Na5 16. Qa4 Nc6 17. Bd6 Qa5 18. Qb3 Bf5 19. Rbc1 Qb5 20. Ng5 Qxb3 21. axb3
Bh6 22. f4 exf4 23. gxf4 Rxe2 24. Bd5 Bxg5 25. fxg5 Be4 26. Kf1 Re3 27. Bc4 Re8
28. Bc5 Rf3+ 29. Bf2 Ne5 30. Be2 Rf5 31. h4 Nf3 32. Bxf3 Bxf3 33. Re1 Rd8 34.
Kg1 Bc6 35. Rcd1 Rxd1 36. Rxd1 Kf8 37. Rd8+ Ke7 1/2-1/2

[Event "Reykjavik Open 2026"]
[Site "Reykjavik ISL"]
[Date "2026.03.27"]
[Round "4.82"]
[White "Paricharak, Nakul"]
[Black "Kolka, David"]
[Result "0-1"]
[WhiteElo "1797"]
[BlackElo "2069"]
[WhiteFideId "7500173"]
[BlackFideId "2308010"]
[EventDate "2026.03.25"]

1. d4 d5 2. c4 e6 3. Nf3 a6 4. a4 Nc6 5. e3 Nf6 6. Nc3 b6 7. cxd5 exd5 8. Bd3
Bb4 9. O-O O-O 10. Bd2 Bg4 11. h3 Bh5 12. Rc1 Ne7 13. Nb1 Bd6 14. Bc3 Ne4 15.
Nbd2 f5 16. Qb3 Kh8 17. Ne5 Bxe5 18. dxe5 c5 19. Bxe4 fxe4 20. f3 exf3 21. Nxf3
Bxf3 22. Rxf3 Rxf3 23. gxf3 Nf5 24. Be1 Qg5+ 25. Kh2 Nxe3 26. Bg3 Ng4+ 27. hxg4
Qxc1 28. Qxb6 Qh6+ 29. Qxh6 gxh6 30. Bf4 Re8 31. g5 hxg5 32. Bxg5 Kg7 33. f4 Kg6
34. Kg3 Rxe5 0-1

[Event "Reykjavik Open 2026"]
[Site "Reykjavik ISL"]
[Date "2026.03.27"]
[Round "4.83"]
[White "McMillan, Felix"]
[Black "Patel, Zain"]
[Result "0-1"]
[WhiteElo "1795"]
[BlackElo "2062"]
[WhiteFideId "150098722"]
[BlackFideId "469246"]
[EventDate "2026.03.25"]

1. e4 e5 2. Nf3 Nc6 3. Bc4 Nf6 4. d3 h6 5. c3 d6 6. O-O g6 7. Bb3 Bg7 8. Nbd2
O-O 9. Re1 Kh8 10. Nf1 Nh5 11. Ng3 Nxg3 12. fxg3 f5 13. Nh4 Kh7 14. exf5 g5 15.
Nf3 Bxf5 16. Bd5 Qf6 17. Qe2 Rae8 18. Bd2 Ne7 19. Be4 d5 20. Bxf5+ Nxf5 21. Be3
e4 22. dxe4 Rxe4 23. Qd3 g4 24. Nd2 Rxe3 25. Rxe3 Qb6 26. Re1 Kh8 27. b3 Nxe3
28. Qxe3 d4 29. Qe6 Qxe6 30. Rxe6 dxc3 31. Nc4 Bd4+ 32. Re3 c2 0-1

[Event "Reykjavik Open 2026"]
[Site "Reykjavik ISL"]
[Date "2026.03.27"]
[Round "4.84"]
[White "Striskova, Lucia"]
[Black "Chilton, James I"]
[Result "0-1"]
[WhiteTitle "WFM"]
[WhiteElo "2010"]
[BlackElo "1790"]
[WhiteFideId "14960958"]
[BlackFideId "423009"]
[EventDate "2026.03.25"]

1. e4 c5 2. Nf3 e6 3. c3 Nc6 4. d4 cxd4 5. cxd4 d5 6. e5 Nge7 7. Nc3 Ng6 8. Bd3
Be7 9. O-O O-O 10. Re1 f5 11. a3 a6 12. Bc2 b5 13. Be3 Qb6 14. Rc1 Bd7 15. Ne2
Nh4 16. Nxh4 Bxh4 17. Bb1 Na5 18. Rc3 Be7 19. b4 Nc4 20. Nc1 Nxa3 21. Rxa3 Bxb4
22. Rd3 Bxe1 23. Qxe1 b4 24. Nb3 a5 25. Nc5 Bb5 26. Rb3 Bc4 27. Rb2 f4 28. Bd2
f3 29. Qe3 Be2 30. Nd7 Qb5 31. Nxf8 Rxf8 32. Be1 Qa4 33. Qd2 Rc8 34. Bc2 Qa3 35.
Rb3 Qa1 36. Rb1 Qa3 37. gxf3 Qxf3 38. Rb3 Rc3 39. Rxc3 bxc3 40. Qg5 Qh3 41. Qg3
Qf1# 0-1

[Event "Reykjavik Open 2026"]
[Site "Reykjavik ISL"]
[Date "2026.03.27"]
[Round "4.85"]
[White "Chidichimo, Pedro Jose Maria"]
[Black "Teeuwen, Jos"]
[Result "0-1"]
[WhiteElo "1786"]
[BlackElo "2024"]
[WhiteFideId "24545252"]
[BlackFideId "1008897"]
[EventDate "2026.03.25"]

1. d4 Nf6 2. c4 g6 3. Nc3 Bg7 4. e4 d6 5. Nge2 O-O 6. Ng3 c5 7. d5 e6 8. Be2
exd5 9. cxd5 Re8 10. O-O a6 11. a4 h5 12. Bg5 Qb6 13. Qd2 Nh7 14. a5 Qc7 15. f3
Nxg5 16. Qxg5 Qe7 17. Qxe7 Rxe7 18. Rfe1 Nd7 19. Nf1 g5 20. Nd2 Ne5 21. Nc4 Nxc4
22. Bxc4 Bd7 23. Re2 Rae8 24. Rae1 Bd4+ 25. Kf1 Kg7 26. Bd3 h4 27. Nd1 Be5 28.
Kg1 Bd4+ 29. Kf1 Be5 30. Kg1 g4 31. Ne3 gxf3 32. gxf3 Kf6 33. Ng4+ Bxg4 34. fxg4
h3 35. Rf1+ Kg5 36. Rf5+ Kh4 37. Rd2 Rg8 38. Be2 Rg5 39. Rxg5 Kxg5 40. b3 Bd4+
41. Rxd4 cxd4 42. Bd3 Kxg4 43. Kf2 Kf4 44. b4 Rxe4 0-1

[Event "Reykjavik Open 2026"]
[Site "Reykjavik ISL"]
[Date "2026.03.27"]
[Round "4.86"]
[White "Berezovskii, Arina"]
[Black "Burgert, Conrad"]
[Result "1-0"]
[WhiteTitle "WCM"]
[WhiteElo "1999"]
[BlackElo "1783"]
[WhiteFideId "34449850"]
[BlackFideId "30965047"]
[EventDate "2026.03.25"]

1. e4 c6 2. d4 d5 3. exd5 cxd5 4. Bd3 Nc6 5. c3 Nf6 6. h3 e6 7. Bf4 Bd6 8. Bxd6
Qxd6 9. Nf3 O-O 10. O-O e5 11. dxe5 Nxe5 12. Nxe5 Qxe5 13. Nd2 Qf4 14. Nf3 Ne4
15. Qc1 Qf6 16. Nd4 Bd7 17. Qc2 Rfe8 18. Rfe1 Qg5 19. Bxe4 dxe4 20. Rxe4 Bxh3
21. f4 Qg3 22. Rae1 Bd7 23. Rxe8+ Bxe8 24. Qe4 Bd7 25. Nf5 Qg4 26. Qxb7 Re8 27.
Rxe8+ Bxe8 28. Qe4 Qd1+ 29. Kf2 Qd8 30. Qd4 Qxd4+ 31. Nxd4 Kf8 32. Ke3 Ke7 33.
b4 g6 34. c4 Kd6 35. g4 h6 36. Ke4 Bd7 37. f5 a6 38. c5+ Kc7 39. Ke5 h5 40. gxh5
gxh5 41. Kf4 f6 42. Kg3 Ba4 43. Ne6+ Kc6 44. Ng7 Bd1 45. Ne8 Bc2 46. Kf4 h4 47.
Nxf6 Bd1 48. Ng4 h3 49. Nh2 Kd5 50. a3 a5 51. Kg5 axb4 52. axb4 Ba4 53. Kg6 Bc2
54. Kg5 Kc6 55. f6 Bb3 56. Kg6 Kd7 57. Kg7 Ke8 58. b5 Bd5 59. b6 1-0

[Event "Reykjavik Open 2026"]
[Site "Reykjavik ISL"]
[Date "2026.03.27"]
[Round "4.87"]
[White "Oelschlaeger, Lennart"]
[Black "Daddario, Aayush"]
[Result "1-0"]
[WhiteElo "1984"]
[BlackElo "1775"]
[WhiteFideId "12996807"]
[BlackFideId "39988287"]
[EventDate "2026.03.25"]

1. e4 c6 2. d4 d5 3. e5 Bf5 4. Nf3 e6 5. Be2 Ne7 6. O-O Ng6 7. c3 Be7 8. Na3
Bxa3 9. bxa3 Qa5 10. Qb3 Qb6 11. a4 Nd7 12. a5 Qxb3 13. axb3 Rc8 14. b4 Bg4 15.
h3 Bxf3 16. Bxf3 f6 17. exf6 gxf6 18. Re1 Kf7 19. Ra2 e5 20. Rae2 Rce8 21. Bg4
Nb8 22. Bh5 Nd7 23. f4 exf4 24. Bxf4 Rxe2 25. Rxe2 Nf8 26. Bb8 a6 27. Bg4 Ne7
28. Bd6 Nfg6 29. Bh5 Nf5 30. Bc5 Rd8 31. g4 Nd6 32. Bxd6 Rxd6 33. Kg2 Kf8 34.
Kg3 Kf7 35. h4 Rd7 36. Bxg6+ Kxg6 37. h5+ Kf7 38. Kf4 h6 39. Kf5 Rd6 40. Re3 Rd7
41. Re6 Kg7 42. Rxf6 Re7 43. Rg6+ Kh7 44. Kf6 Rd7 45. Ke6 Rc7 46. Rf6 Kg7 47.
Rg6+ Kh7 48. Kd6 Rf7 49. Re6 Rf3 50. Re7+ Kg8 51. Rxb7 Rxc3 52. Rb6 Rc4 53. Ke5
Kf7 54. Rxa6 Rxb4 55. Rxc6 Ra4 56. a6 Ra5 57. Rxh6 Kg7 58. g5 Ra4 59. Rg6+ Kh7
60. Kxd5 Ra5+ 61. Ke4 Ra4 62. Ke5 Ra5+ 63. d5 Ra4 64. d6 Rxa6 65. d7 Ra8 66. Ke6
Kh8 67. Ke7 Kh7 68. d8=Q Ra7+ 69. Qd7 Rxd7+ 70. Kxd7 Kh8 71. Ke7 Kh7 72. Kf7 Kh8
73. Rh6# 1-0

[Event "Reykjavik Open 2026"]
[Site "Reykjavik ISL"]
[Date "2026.03.27"]
[Round "4.88"]
[White "Haraldsson, Haraldur"]
[Black "Bedard, Maxime"]
[Result "0-1"]
[WhiteElo "1971"]
[BlackElo "1768"]
[WhiteFideId "2311100"]
[BlackFideId "2632896"]
[EventDate "2026.03.25"]

1. e4 c6 2. d4 d5 3. e5 Bf5 4. Bd3 Bxd3 5. Qxd3 e6 6. Nf3 c5 7. dxc5 Nc6 8. O-O
Bxc5 9. c3 Nge7 10. b4 Bb6 11. Bf4 O-O 12. a3 Rc8 13. Nbd2 Ng6 14. Bg3 Re8 15.
Rfe1 Nce7 16. Nd4 Bxd4 17. cxd4 Qc7 18. Nb3 Qc2 19. Qxc2 Rxc2 20. Rec1 Rec8 21.
Nc5 Rxc1+ 22. Rxc1 Nf5 23. Rb1 Rc7 24. Nb3 Rc3 25. f3 Nxg3 26. hxg3 Ne7 27. b5
h5 28. Kf2 Nf5 29. Rb2 Rd3 30. Ke2 Rxb3 0-1

[Event "Reykjavik Open 2026"]
[Site "Reykjavik ISL"]
[Date "2026.03.27"]
[Round "4.89"]
[White "Olafsson, Olafur Orn"]
[Black "Mehta, Hursh"]
[Result "0-1"]
[WhiteElo "1764"]
[BlackElo "2000"]
[WhiteFideId "2312042"]
[BlackFideId "30961157"]
[EventDate "2026.03.25"]

1. d4 Nf6 2. c4 e6 3. Nc3 Bb4 4. e3 O-O 5. Bd3 Nc6 6. Nf3 Re8 7. Ne5 d5 8. Nxc6
bxc6 9. a3 Bf8 10. O-O Ba6 11. Qa4 Bb7 12. b4 a5 13. c5 axb4 14. Qxb4 Qc8 15.
Bd2 Ba6 16. Bxa6 Qxa6 17. a4 Reb8 18. Qa3 Qd3 19. Rfd1 Nd7 20. Be1 Qc4 21. Rdb1
e5 22. Qa2 Rxb1 23. Qxb1 exd4 24. exd4 Qxd4 25. Qb7 Re8 26. Qxc7 Bxc5 27. Qg3
Nf6 28. h3 Ne4 29. Qf3 Nd2 30. Qg3 Bb4 31. Bxd2 Qxd2 32. Na2 Qb2 33. Nxb4 Qxa1+
34. Kh2 Qxa4 35. Qd6 Qa8 36. Nxc6 Re6 37. Ne7+ Kh8 38. Qd7 Re2 39. Nxd5 Rd2 40.
Nc7 Rxd7 41. Nxa8 Rb7 0-1

[Event "Reykjavik Open 2026"]
[Site "Reykjavik ISL"]
[Date "2026.03.27"]
[Round "4.90"]
[White "Montalti, Gianluca"]
[Black "Hanisch, Sebastian"]
[Result "0-1"]
[WhiteElo "1737"]
[BlackElo "1984"]
[WhiteFideId "39900169"]
[BlackFideId "24668150"]
[EventDate "2026.03.25"]

1. e4 c5 2. Nf3 e6 3. d4 cxd4 4. Nxd4 Bc5 5. Nb3 Bb6 6. Nc3 Ne7 7. Bg5 O-O 8.
Qd2 f5 9. e5 h6 10. h4 hxg5 11. hxg5 Ng6 12. f4 Nc6 13. g3 a5 14. Be2 a4 15. Bh5
Nce7 16. Nd4 Bxd4 17. Qxd4 Qa5 18. O-O-O b5 19. a3 Rb8 20. Ne4 fxe4 21. Bxg6
Nxg6 22. Qxe4 Kf7 23. f5 Ne7 24. g6+ Ke8 25. f6 Nf5 26. f7+ Kd8 27. g4 Ne7 28.
Rh7 Bb7 29. Qd4 Bd5 30. Rxg7 b4 31. Qd3 bxa3 32. Qxa3 Qb4 33. Rd3 Be4 34. Qxb4
Rxb4 35. Re3 Bxg6 36. Rf3 Rxg4 37. Kd2 Re4 38. Ra3 Rxf7 0-1

[Event "Reykjavik Open 2026"]
[Site "Reykjavik ISL"]
[Date "2026.03.27"]
[Round "4.91"]
[White "Beyer, Nico"]
[Black "Jiang, Brian"]
[Result "0-1"]
[WhiteElo "1668"]
[BlackElo "1983"]
[WhiteFideId "34671080"]
[BlackFideId "2627922"]
[EventDate "2026.03.25"]

1. c4 e5 2. g3 Nf6 3. Bg2 c6 4. Nf3 e4 5. Nd4 Qb6 6. Nb3 a5 7. d3 a4 8. N3d2 Bc5
9. O-O e3 10. fxe3 Bxe3+ 11. Kh1 Ng4 12. Ne4 O-O 13. h3 Bxc1 14. Qxc1 d5 15. c5
Qc7 16. Nd6 Nf6 17. Nd2 Be6 18. e4 Nbd7 19. Nf3 dxe4 20. dxe4 Ra5 21. e5 Rxc5
22. Qe3 Nd5 23. Qd4 h6 24. Qxa4 Ne3 25. Rfc1 Rxc1+ 26. Rxc1 Nxg2 27. Kxg2 Nxe5
28. Nb5 Qb8 29. Nbd4 Bd5 30. a3 Re8 31. Qd1 Nxf3 32. Nxf3 Re3 33. Rc3 Bxf3+ 34.
Qxf3 Rxf3 35. Kxf3 Qe5 36. h4 f5 0-1

[Event "Reykjavik Open 2026"]
[Site "Reykjavik ISL"]
[Date "2026.03.27"]
[Round "4.92"]
[White "Koppe, Cordelia"]
[Black "Ragnarsson, Johann"]
[Result "0-1"]
[WhiteElo "1656"]
[BlackElo "1967"]
[WhiteFideId "16232119"]
[BlackFideId "2301040"]
[EventDate "2026.03.25"]

1. d4 d5 2. Nf3 e6 3. c3 Nf6 4. Bf4 Bd6 5. Ne5 O-O 6. e3 c5 7. Bd3 b6 8. Nd2 Qc7
9. O-O Nc6 10. Ndf3 a5 11. Re1 Ba6 12. Bb1 g6 13. Bh6 Rfe8 14. h3 Nxe5 15. Nxe5
Bxe5 16. dxe5 Qxe5 17. Qf3 Qh5 18. Qxh5 Nxh5 19. e4 Nf6 20. e5 Nd7 21. Bc2 b5
22. Bd2 Nb6 23. h4 b4 24. b3 Bb5 25. Bd1 bxc3 26. Bxc3 a4 27. b4 Nd7 28. a3 d4
29. Bd2 c4 30. Re4 c3 31. Bf4 d3 32. Rd4 Nb6 33. Bf3 Rad8 34. Be3 Nc4 35. Rxd8
Rxd8 36. Bg5 Rd7 0-1